| 000 | 01196nam a22003017a 4500 | ||
|---|---|---|---|
| 001 | 00189 | ||
| 003 | DO-SdBNP | ||
| 005 | 20180307111315.0 | ||
| 007 | 00189 | ||
| 008 | 160413b dr 2000 ||||| |||| 00| 0 spa d | ||
| 020 | _a9789945400151 | ||
| 040 |
_aBPMSU _bspa _cBPMSU |
||
| 092 |
_a373.7 _bR788m 7mo./8vo. [20--?] |
||
| 100 | 1 | _a Rosa, María del Jesús De la | |
| 245 | 1 |
_aMatmática VII & VIII / _cMaría del Jesús De la Rosa |
|
| 260 |
_aSanto Domingo : _bActualidad Escolar 2000, _c2000. |
||
| 300 |
_a176 p. : _bil., _c28 cm. |
||
| 505 | 0 |
_gVII - _tUnidad I - Transformaciones -- _tUnidad II - Identidades trigonométricas. _gVIII - _tUnidad I - Análisis combinatorio -- _tUnidad II - Sucesiones y series -- _tUnidad III - Introducción al cálculo _tUnidad IV - Probabilidades |
|
| 650 |
_aMATEMÁTICAS _xENSEÑANZA SECUNDARIA |
||
| 650 | 4 |
_aMATEMÁTICAS _xESTUDIOS Y EJERCICIOS |
|
| 650 | 4 |
_aMATEMÁTICAS _xLIBROS DE TEXTOS |
|
| 650 | 4 |
_aEDUCACIÓN SECUNDARIA _xREPÚBLICA DOMINICANA |
|
| 700 | 1 | _aMedrano, Francisca Antonia | |
| 910 | _aValidado. Control de calidad MFF | ||
| 942 |
_2ddc _cBK |
||
| 945 | _aRemanejado para la BNPHU / 2018 VM | ||
| 956 | _aBrenda Tavárez | ||
| 999 |
_c9760 _d9760 |
||